Datum a čas kvízu
38
Celkem bodů
Celkový počet nahraných bodů na tomto kvízu bez doplňovacích otázek.
1.
Pořadí na kvízu
Konečné umístění týmu na tomto kvízu.
Zaznamenané odpovědi
| # | Otázka | Odpověď | Body | Výsledky |
|---|---|---|---|---|
| 1. | Koronavirus dorazil i do Posla... | Karla Šlechtová | 1 | |
| 2. | Premiér jisté země minulý týde... | Japonsko | 1 | |
| 3. | Minulý týden byl odhalen trail... | Batman | 1 | |
| 4. | Jistá soukromá dopravní společ... | Leo Express | 1 | |
| 5. | Časopis Forbes zveřejnil žebří... | Tomáš Satoranský | 1 | |
| 6. | V tomto tématu se podíváme na... | (druhá) punská válka | 1 | |
| 7. | V roce 1792 u Valmy porazila f... | Prusko | 0 | |
| 8. | Jak se jmenoval americký gener... | Robert Edward Lee | 1 | |
| 9. | V počáteční fázi první světové... | Marna/La Marne | 1 | |
| 10. | Cílem této vojenské operace v... | Ofenzíva Tet | 0 |